Candy la cucaracha generosa = Candy the generous cockroach / (Registro nro. 8943)

Detalles MARC
000 -LIDER
fixed length control field 00786nam a22002657a 4500
003 - IDENTIFICACDOR DE NÚMERO DE CONTROL
control field DO-SdBNP
005 - DATE AND TIME OF LATEST TRANSACTION
control field 20180226132350.0
008 - ELEMENTOS DE LONGITUD FIJA
fixed length control field 151127b 2006 pn a 00| 0 spa d
020 ## - ISBN
International Standard Book Number 9962629373
040 ## - FUENTE DE CATALOGACIÓN
Agencia que crea de manera original el registro BPMSU
Idioma de catalogación spa
Agencia que realiza la transcripción BPMSU
041 17 - CÓDIGOS DE OBRAS TRADUCIDAS O EN VARIOS IDIOMAS
Código del idioma del texto/archivo de sonido o separata spa
Cód. del idioma original y/o traducciones intermedias del texto eng
082 #4 - NÚMERO DE CLASIFICACIÓN DECIMAL DE DEWEY
Classification number xxxxx
Item number xxxxx
100 1# - ASIENTO PRINCIPAL -- NOMBRE PERSONAL
Nombre personal Alvarado, Pat
245 10 - MENCIÓN DE TITULO
Título Candy la cucaracha generosa = Candy the generous cockroach /
Mención de responsabilidad Pat Alvarado ; ilustración Andrea E. Alvarado.
246 10 - VARIACION DEL TÍTULO
Título propiamente dicho o título corto Candy the generous cockroach
250 ## - MENCIÓN DE EDICION
Mención de edición 2a ed.
260 ## - PUBLICACIÓN, DISTRIBUCIÓN, ETC. (PIE DE IMPRENTA)
Lugar de publicación, distribución, etc Panama :
Nombre del editor, distribuidor, etc. Piggy Press Books,
Fecha de publicación, distribución, etc 2006.
300 ## - DESCRIPCIÓN FÍSICA
Extensión 31 p. :
Otros detalles físicos il. ;
Dimensiones 20 cm.
500 ## - NOTA GENERAL
Nota general Textos en dos idiomas
700 1# - ASIENTO SECUNDARIO -- NOMBRE PERSONAL
Nombre personal Alvarado, Andrea E.,
Mención de responsabilidad il.
910 ## - VALIDACIÓN
Validación 00260
942 ## - ADDED ENTRY ELEMENTS (KOHA)
Source of classification or shelving scheme Dewey Decimal Classification
Koha item type Libros
945 ## - INFORMACIÓN DE PROCESAMIENTO LOCAL
Información de procesamiento local Inventariado, 2018 / BT
956 ## - LOCAL ELECTRONIC LOCATION AND ACCESS (OCLC)
Nombre de host Lorenza Pérez
Número de acceso 10
Existencias
Withdrawn status Lost status Source of classification or shelving scheme Damaged status Not for loan Collection code Home library Current library Date acquired Source of acquisition Total Checkouts Barcode Date last seen Price effective from Koha item type
    Dewey Decimal Classification     Colección Infantil General Biblioteca Pública Metropolitana Salomé Ureña Biblioteca Pública Metropolitana Salomé Ureña 11/27/2015 ABINIA   BPMSU15110524 11/27/2015 11/27/2015 Libros